Thermal Efficiency of Three-Cycle Utilization-Type Steam-Gas Units; Power Technology and Engineering; Vol. 48, iss. 6

Detaylı Bibliyografya
Parent link:Power Technology and Engineering: Scientific Journal
Vol. 48, iss. 6.— 2015.— [P. 459-463]
Yazar: Galashov N. N. Nikolay Nikitovich
Müşterek Yazar: Национальный исследовательский Томский политехнический университет (ТПУ) Энергетический институт (ЭНИН) Кафедра атомных и тепловых электростанций (АТЭС)
Diğer Yazarlar: Tsibulskii (Tsibulskiy) S. A. Svyatoslav Anatolievich
Özet:Title screen
This is a study of the efficiency of combined-cycle plants (steam-gas units) operating in three cycles– a Brayton gas-turbine cycle and two Rankine steam-turbine cycles, one of which runs on water vapor and the other on the vapor of a low-boiling substance. An analytic expression is obtained for the dependence of the internal efficiency of a three-cycle combined cycle plant on the internal efficiencies of the individual cycles and the efficiency of the boiler-utilizer. Coefficients representing the influence of the efficiencies for each cycle and for the boiler-utilizer on the efficiency of a combined-cycle plant are obtained by regression analysis.
Режим доступа: по договору с организацией-держателем ресурса
Dil:İngilizce
Baskı/Yayın Bilgisi: 2015
Konular:
Online Erişim:http://dx.doi.org/10.1007/s10749-015-0555-9
Materyal Türü: Elektronik Kitap Bölümü
KOHA link:https://koha.lib.tpu.ru/cgi-bin/koha/opac-detail.pl?biblionumber=640553

MARC

LEADER 00000naa0a2200000 4500
001 640553
005 20251224105122.0
035 |a (RuTPU)RU\TPU\network\5113 
090 |a 640553 
100 |a 20150420d2015 k||y0rusy50 ba 
101 0 |a eng 
135 |a drcn ---uucaa 
181 0 |a i  
182 0 |a b 
200 1 |a Thermal Efficiency of Three-Cycle Utilization-Type Steam-Gas Units  |f N. N. Galashov, S. A. Tsibulskii (Tsibulskiy) 
203 |a Text  |c electronic 
300 |a Title screen 
320 |a [References: p. 463 (7 tit.)] 
330 |a This is a study of the efficiency of combined-cycle plants (steam-gas units) operating in three cycles– a Brayton gas-turbine cycle and two Rankine steam-turbine cycles, one of which runs on water vapor and the other on the vapor of a low-boiling substance. An analytic expression is obtained for the dependence of the internal efficiency of a three-cycle combined cycle plant on the internal efficiencies of the individual cycles and the efficiency of the boiler-utilizer. Coefficients representing the influence of the efficiencies for each cycle and for the boiler-utilizer on the efficiency of a combined-cycle plant are obtained by regression analysis. 
333 |a Режим доступа: по договору с организацией-держателем ресурса 
461 |t Power Technology and Engineering  |o Scientific Journal 
463 |t Vol. 48, iss. 6  |v [P. 459-463]  |d 2015 
610 1 |a электронный ресурс 
610 1 |a труды учёных ТПУ 
610 1 |a combined cycle plant 
610 1 |a gas turbine 
610 1 |a steam turbine 
610 1 |a low-boiling substance 
610 1 |a Brayton cycle 
610 1 |a Rankine cycle 
610 1 |a efficiency 
610 1 |a boiler-utilizer 
700 1 |a Galashov  |b N. N.  |c specialist in the field of power engineering  |c Associate Professor of Tomsk Polytechnic University, Candidate of technical sciences  |f 1947-2025  |g Nikolay Nikitovich  |y Tomsk  |3 (RuTPU)RU\TPU\pers\34296  |9 17809 
701 1 |a Tsibulskii (Tsibulskiy)  |b S. A.  |c specialist in the field of power engineering  |c Associate Professor of Tomsk Polytechnic University, Candidate of Technical Sciences  |f 1990-  |g Svyatoslav Anatolievich  |3 (RuTPU)RU\TPU\pers\34297  |9 17810 
712 0 2 |a Национальный исследовательский Томский политехнический университет (ТПУ)  |b Энергетический институт (ЭНИН)  |b Кафедра атомных и тепловых электростанций (АТЭС)  |3 (RuTPU)RU\TPU\col\18683 
801 2 |a RU  |b 63413507  |c 20150420  |g RCR 
856 4 |u http://dx.doi.org/10.1007/s10749-015-0555-9 
942 |c CF